Statistics for Fifa 17 La Liga Tots

Click here to take the quiz!

General Stats

  • This quiz has been taken 133 times
  • The average score is 15 of 24

Answer Stats

HintAnswer% Correct
LW 99Cristiano Ronaldo
100%
RW 99Lionel Messi
100%
CB 95Sergio Ramos
95%
ST 97Luis Suarez
94%
LB 92Marcelo
94%
LW 98Neymar
93%
CB 92Gerard Pique
88%
GK 90Marc-Andre Ter Stegen
88%
GK 94Jan Oblak
87%
CM 94Toni Kroos
86%
RB 90Dani Carvajal
80%
CDM 93Casemiro
78%
ST 95Antoine Griezmann
76%
CB 96Diego Godin
67%
LB 93Filipe Luis
55%
CM 96Isco
47%
ST 92Iago Aspas
43%
LM 93Yannick Carrasco
29%
CM 89Bruno
21%
CB 88Nacho Fernandez
18%
CDM 91Steven N'Zonzi
17%
CM 89Manu Trigueros
16%
RM 88Pedro Leon
14%
ST 88Kevin Prince Boateng
11%

Score Distribution

Percentile by Number Answered

Percent of People with Each Score

Your Score History

You have not taken this quiz